The story of snow : (Record no. 2076)

MARC details
000 -LEADER
fixed length control field 01217cam a2200325 a 4500
005 - DATE AND TIME OF LATEST TRANSACTION
control field 20250407121052.0
020 ## - INTERNATIONAL STANDARD BOOK NUMBER
International Standard Book Number 9780811868662
020 ## - INTERNATIONAL STANDARD BOOK NUMBER
International Standard Book Number 0811868664
020 ## - INTERNATIONAL STANDARD BOOK NUMBER
International Standard Book Number 9780545673860
040 ## - CATALOGING SOURCE
Original cataloging agency DLC
Transcribing agency DLC
Modifying agency BTCTA
-- TEF
-- XY4
-- DLC
Language of cataloging eng
050 00 - LIBRARY OF CONGRESS CALL NUMBER
Classification number QC926.32
Item number .C37 2009
082 00 - DEWEY DECIMAL CLASSIFICATION NUMBER
Classification number 551.57/84
Edition number 22
100 1# - MAIN ENTRY--PERSONAL NAME
Personal name Cassino, Mark
245 14 - TITLE STATEMENT
Title The story of snow :
Remainder of title the science of winter's wonder /
Statement of responsibility, etc. by Mark Cassino ; with Jon Nelson ; illustrations by Nora Aoyagi.
250 ## - EDITION STATEMENT
Edition statement First Scholastic Printing, December 2013
260 ## - PUBLICATION, DISTRIBUTION, ETC.
Place of publication, distribution, etc. San Francisco :
Name of publisher, distributor, etc. Chronicle Books,
Date of publication, distribution, etc. 2009
300 ## - PHYSICAL DESCRIPTION
Extent 33 pages :
Dimensions 23x23 cm
505 ## - FORMATTED CONTENTS NOTE
Formatted contents note M
520 ## - SUMMARY, ETC.
Summary, etc. This book about the science of snow features photos of snow crystals in their beautiful diversity and includes how snow crystals are formed into different shapes and snow-crystal-catching instructions in the back of the book.
521 ## - TARGET AUDIENCE NOTE
Target audience note 630
Source Lexile
521 ## - TARGET AUDIENCE NOTE
Target audience note M
Source Raz-Plus
650 #0 - SUBJECT ADDED ENTRY--TOPICAL TERM
Topical term or geographic name entry element Snowflakes
Form subdivision Juvenile literature.
650 #0 - SUBJECT ADDED ENTRY--TOPICAL TERM
Topical term or geographic name entry element Winter
650 #1 - SUBJECT ADDED ENTRY--TOPICAL TERM
Topical term or geographic name entry element Christmas
700 1# - ADDED ENTRY--PERSONAL NAME
Personal name Nelson, Jon,
Titles and other words associated with a name Ph.D.
Relator term joint author.
700 1# - ADDED ENTRY--PERSONAL NAME
Personal name Aoyagi, Nora,
Relator term illustrator
906 ## - LOCAL DATA ELEMENT F, LDF (RLIN)
a 7
b cbc
c orignew
d 1
e ecip
f 20
g y-gencatlg
942 ## - ADDED ENTRY ELEMENTS (KOHA)
Source of classification or shelving scheme Dewey Decimal Classification
Koha item type Books
Suppress in OPAC No
999 ## -
-- 2076
-- 2076
Holdings
Withdrawn status Lost status Source of classification or shelving scheme Damaged status Not for loan Collection Home library Current library Shelving location Date acquired Total Checkouts Full call number Barcode Date last seen Date last checked out Copy number Price effective from Koha item type
    Dewey Decimal Classification     Non-Fiction Footprints International School Library Network Toul Tom Poung Campus Footprints International School Library Network Toul Kork Campus TTP Primary Yellow Bookshelves 11/03/2023 2 CAS 551.57/84 QC926.32 FISTK05540 04/10/2025 09/04/2024 1 11/03/2023 Books
    Dewey Decimal Classification     Non-Fiction Footprints International School Library Network Toul Kork Campus Footprints International School Library Network Toul Kork Campus TK Primary Library Room(4th Floor), Bookcase 3&4, Shelves 17-32, Yellow Books 10/24/2024 1 CAS 551.57/84 QC926.32 2024-2212 06/10/2025 03/14/2025 2 10/24/2024 Books